| 000 | 01213nam a2200313 4500 | ||
|---|---|---|---|
| 001 | 0000013731 | ||
| 003 | CO-CtgCURN | ||
| 005 | 20250429223959.0 | ||
| 007 | ta | ||
| 008 | 160627s1995 000 0 eng d | ||
| 020 | _a9508850132 | ||
| 040 |
_aCO-CtgCURN _bspa _ccoctgcurn |
||
| 082 | 0 |
_a347.9 _bH362m |
|
| 100 | 1 | _aHegland, Kenney F. | |
| 245 | 1 | 0 |
_aManual de practicas y tecnicas procesales / _cKenney F. Hegland , traducción Anibal Leal. |
| 260 |
_aBuenos Aires : _bHeliasta, _c1995. |
||
| 300 | _a254 p. | ||
| 336 | _2rdacontent | ||
| 337 |
_2rdamedia _asin mediacion _bn |
||
| 338 |
_2rdacarrier _avolumen _bnc |
||
| 500 | _aTitulo original: Trial and practice skills in nutshell. | ||
| 505 | 8 | _aResolucion de problemas juridicos.--La argumentacion legal.--Los escritos judiciales.--Las tecnicas que se manifiestan en el litigio.--Metas y etica de las preguntas.--El alegato final.--Tecnicas para el trabajo en la oficina | |
| 650 | 1 | 4 | _aProcesos (Derecho) |
| 700 | 1 | _aLeal, Anibal. | |
| 908 | _a160627 | ||
| 942 |
_cBK _h347.9 _iH362m _2ddc |
||
| 999 |
_c34188 _d34188 |
||